000
00318pam a2200121a 44500
008
230405s2022 xxu||||| |||| 00| 0 eng d
041
_a
ENG
100
_a
DR.S.B BHISE / M M S. BHISE
245
_a
PHARMACEUTICAL MICRBIOLOGY (DR.S.B BHISE )
260
_a
PUNE
_b
NIRALI PRAKESHN
_c
2022
300
_a
5.2
906
_a
2825
999
_c
268264
_d
268264